Milióny na divadlo
Formy financovania divadelníctva vo vyspelých krajinách - V. Británii, Holandsku, USA, Švédsku, Francúzsku a Nemecku.
Salvato in:
| Autore principale: | |
|---|---|
| Natura: | Capitolo di libro |
| Lingua: | slovacco |
| Soggetti: | |
| Tags: |
Nessun Tag, puoi essere il primo ad aggiungerne!!
|
MARC
| LEADER | 00000naa a2200000 4500 | ||
|---|---|---|---|
| 001 | r000396 | ||
| 005 | 20221213113945.2 | ||
| 041 | 0 | |a slo | |
| 044 | |a SK | ||
| 245 | 1 | 0 | |a Milióny na divadlo |c M. Lucký |
| 520 | |a Formy financovania divadelníctva vo vyspelých krajinách - V. Británii, Holandsku, USA, Švédsku, Francúzsku a Nemecku. | ||
| 610 | 2 | 0 | |a kultúra |
| 610 | 2 | 0 | |a financovanie |
| 610 | 2 | 0 | |a zdroje finančné |
| 610 | 2 | 0 | |a subvencie |
| 610 | 2 | 0 | |a Veľká Británia |
| 610 | 2 | 0 | |a USA |
| 610 | 2 | 0 | |a Holandsko |
| 610 | 2 | 0 | |a Švédsko |
| 610 | 2 | 0 | |a Francúzsko |
| 610 | 2 | 0 | |a Nemecko |
| 100 | 1 | |a Lucký, M. | |